[Event "CP-2017-P-00040"]
[Site "LSS email"]
[Date "2017.09.27"]
[Round "?"]
[White "Oliveira, Diogo"]
[Black "Skiba, Krzysztof"]
[Result "1-0"]
[WhiteElo "2245"]
[BlackElo "2157"]
[PlyCount "111"]
[EventDate "2017.10.01"]
[EventType "tourn (corr)"]
[EventRounds "6"]
[EventCountry "GER"]
[SourceTitle "Corr 2022"]
[Source "ChessBase"]
[SourceDate "2021.10.24"]
[SourceVersion "1"]
[SourceVersionDate "2021.10.24"]
[SourceQuality "1"]

1. e4 e5 2. Nf3 Nc6 3. Bb5 a6 4. Ba4 Nf6 5. 0-0 Be7 6. Re1 b5 7. Bb3 d6 8. c3 0-0 9. h3 Nb8 10. a4 Bb7 11. Bc2 Nbd7 12. d4 c5 13. d5 c4 14. Be3 Qc8 15. Na3 Nc5 16. Qb1 h6 17. Nd2 Qd7 18. b3 cxb3 19. Bxb3 Rfb8 20. Bd1 Nxa4 21. Bxa4 bxa4 22. Qc2 Qc7 23. Qxa4 Bc8 24. Nac4 a5 25. Reb1 Rxb1+ 26. Rxb1 Bd7 27. Qb3 a4 28. Qc2 Be8 29. Rb4 Rb8 30. Nb1 Rxb4 31. cxb4 Qb7 32. Bd2 Qa6 33. Nba3 Nh5 34. Qb1 Bb5 35. Nxb5 Qxb5 36. Na3 Qe2 37. Qe1 Qd3 38. Qe3 Qxe3 39. Bxe3 Kf8 40. b5 Ke8 41. Nc4 Kd8 42. f3 Kc7 43. Kf2 f5 44. Bd2 fxe4 45. fxe4 Nf4 46. Kf3 g5 47. b6+ Kb8 48. Bb4 Kb7 49. Nxd6+ Bxd6 50. Bxd6 Kxb6 51. h4 Nd3 52. hxg5 hxg5 53. Kg4 Nc5 54. Kf5 a3 55. Bxe5 Nb3 56. Kxg5 1-0

[Event "CP-2017-P-00040"]
[Site "LSS email"]
[Date "2017.09.27"]
[Round "?"]
[White "Skiba, Krzysztof"]
[Black "Feng, Jason"]
[Result "1-0"]
[WhiteElo "2157"]
[BlackElo "1004"]
[PlyCount "51"]
[EventDate "2017.10.01"]
[EventType "tourn (corr)"]
[EventRounds "6"]
[EventCountry "GER"]
[SourceTitle "Corr 2022"]
[Source "ChessBase"]
[SourceDate "2021.10.24"]
[SourceVersion "1"]
[SourceVersionDate "2021.10.24"]
[SourceQuality "1"]

1. e4 e5 2. Nf3 Nc6 3. Bb5 Nf6 4. 0-0 Nxe4 5. d4 Nd6 6. Bxc6 dxc6 7. dxe5 Nf5 8. Qxd8+ Kxd8 9. Nc3 h6 10. h3 Ke8 11. Rd1 Be6 12. g4 Ne7 13. Nd4 Nd5 14. Ne4 h5 15. Nxe6 fxe6 16. c4 Nb6 17. b3 hxg4 18. hxg4 Nd7 19. Bf4 Nc5 20. Ng5 Ke7 21. Kg2 g6 22. Rd2 Bh6 23. Rad1 Raf8 24. Be3 Bxg5 25. Bxg5+ Kf7 26. Be3 1-0

[Event "CP-2017-P-00040"]
[Site "LSS email"]
[Date "2017.09.27"]
[Round "?"]
[White "Skiba, Krzysztof"]
[Black "Kele, Karoly"]
[Result "1-0"]
[WhiteElo "2157"]
[BlackElo "1927"]
[PlyCount "81"]
[EventDate "2017.10.01"]
[EventType "tourn (corr)"]
[EventRounds "6"]
[EventCountry "GER"]
[SourceTitle "Corr 2022"]
[Source "ChessBase"]
[SourceDate "2021.10.24"]
[SourceVersion "1"]
[SourceVersionDate "2021.10.24"]
[SourceQuality "1"]

1. e4 c5 2. Nf3 e6 3. d4 cxd4 4. Nxd4 Nc6 5. Nc3 Qc7 6. Be3 a6 7. a3 b5 8. Nxc6 Qxc6 9. Be2 Bb7 10. 0-0 Rc8 11. Qd3 Nf6 12. Rfd1 Bc5 13. Bf3 e5 14. a4 b4 15. Nd5 Nxd5 16. exd5 Qd6 17. Bxc5 Qxc5 18. Qb3 Ba8 19. Be2 Qa5 20. c3 bxc3 21. bxc3 Qxc3 22. Qb6 0-0 23. Bxa6 Rc5 24. a5 Bxd5 25. Bf1 Ba8 26. Rxd7 Rc6 27. Qb1 Rg6 28. Rd3 Qc6 29. Rg3 Rd6 30. a6 Rfd8 31. a7 g6 32. Rb3 R6d7 33. Rb8 Kg7 34. Ra6 Qc7 35. Qb6 Qxb6 36. Raxb6 Kf8 37. Rxd8+ Rxd8 38. Rb8 Ke7 39. f4 e4 40. Kf2 Kd7 41. Bc4 1-0

[Event "WC-2017-P-00006"]
[Site "LSS email"]
[Date "2017.01.23"]
[Round "?"]
[White "Quinones Borda, Jorge Victor"]
[Black "Skiba, Krzysztof"]
[Result "1-0"]
[WhiteElo "2267"]
[BlackElo "2173"]
[PlyCount "115"]
[EventDate "2017.02.01"]
[EventType "tourn (corr)"]
[EventRounds "12"]
[EventCountry "GER"]
[SourceTitle "Corr 2022"]
[Source "ChessBase"]
[SourceDate "2021.10.24"]
[SourceVersion "1"]
[SourceVersionDate "2021.10.24"]
[SourceQuality "1"]

1. c4 Nf6 2. g3 g6 3. Bg2 Bg7 4. Nc3 0-0 5. d3 d6 6. Rb1 c5 7. e3 Nc6 8. Nge2 Bd7 9. 0-0 Qc8 10. Nf4 Re8 11. a3 Rb8 12. b4 cxb4 13. axb4 b5 14. Nxb5 a6 15. Bxc6 Qxc6 16. Nc3 g5 17. Ng2 d5 18. Nxd5 Nxd5 19. cxd5 Qxd5 20. e4 Qb5 21. Be3 Red8 22. d4 Rbc8 23. Qh5 f6 24. d5 Rc4 25. Bc5 Rxe4 26. Ne3 Re5 27. Qd1 f5 28. Rc1 Bf6 29. d6 Be6 30. Qh5 Qe8 31. Qf3 Qf8 32. Nc4 Bxc4 33. Rxc4 exd6 34. Bd4 Rb5 35. Qc6 Bxd4 36. Rxd4 f4 37. Qxa6 Re5 38. gxf4 gxf4 39. Kh1 Kh8 40. Rg1 Qf6 41. Rdd1 Re6 42. Qb7 Re2 43. Rd3 Re7 44. Qf3 Qe5 45. Rd5 Qe4 46. Qxe4 Rxe4 47. Rb1 Rb8 48. b5 f3 49. Rf5 Rb6 50. Rf8+ Kg7 51. Rxf3 Re5 52. Rg1+ Kh6 53. Rh3+ Rh5 54. Rxh5+ Kxh5 55. Rb1 Kg4 56. Kg2 Kf4 57. Rb4+ Ke5 58. Kf3 1-0

[Event "WC-2017-P-00006"]
[Site "LSS email"]
[Date "2017.01.23"]
[Round "?"]
[White "Skiba, Krzysztof"]
[Black "Quinones Borda, Jorge Victor"]
[Result "1/2-1/2"]
[WhiteElo "2173"]
[BlackElo "2267"]
[PlyCount "59"]
[EventDate "2017.02.01"]
[EventType "tourn (corr)"]
[EventRounds "12"]
[EventCountry "GER"]
[SourceTitle "Corr 2022"]
[Source "ChessBase"]
[SourceDate "2021.10.24"]
[SourceVersion "1"]
[SourceVersionDate "2021.10.24"]
[SourceQuality "1"]

1. e4 c5 2. Nf3 e6 3. d4 cxd4 4. Nxd4 Nc6 5. Nc3 Qc7 6. Be3 a6 7. a3 b5 8. Nxc6 dxc6 9. Qg4 e5 10. Qg3 h5 11. Bd4 f6 12. Be3 Be6 13. f3 h4 14. Qf2 g5 15. 0-0-0 Rb8 16. Kb1 Ne7 17. Na2 Ng6 18. Nb4 Bxb4 19. axb4 a5 20. Bd2 axb4 21. Bxb4 Kf7 22. b3 Ra8 23. Qc5 Qb7 24. Kb2 Nf4 25. Rd6 Ra6 26. Bc3 Rha8 27. g3 Ra1 28. Bb4 R8a2+ 29. Kc3 Qa8 30. Rd2 1/2-1/2

[Event "WC-2017-P-00006"]
[Site "LSS email"]
[Date "2017.01.23"]
[Round "?"]
[White "Skiba, Krzysztof"]
[Black "Smaga, Aleksandr"]
[Result "1/2-1/2"]
[WhiteElo "2173"]
[BlackElo "2018"]
[PlyCount "105"]
[EventDate "2017.02.01"]
[EventType "tourn (corr)"]
[EventRounds "12"]
[EventCountry "GER"]
[SourceTitle "Corr 2022"]
[Source "ChessBase"]
[SourceDate "2021.10.24"]
[SourceVersion "1"]
[SourceVersionDate "2021.10.24"]
[SourceQuality "1"]

1. e4 e5 2. Nf3 Nc6 3. Bb5 a6 4. Ba4 Nf6 5. 0-0 Be7 6. Re1 b5 7. Bb3 d6 8. c3 0-0 9. h3 Bb7 10. d4 Re8 11. Nbd2 Bf8 12. a4 exd4 13. cxd4 h6 14. Bc2 Nb4 15. Bb1 c5 16. d5 Nd7 17. Ra3 c4 18. axb5 axb5 19. Nd4 Qb6 20. Nf5 Ne5 21. Rg3 g6 22. Nf3 Ned3 23. Be3 Qd8 24. Bxh6 Nxe1 25. Qxe1 Ra1 26. Qxb4 Rxb1+ 27. Kh2 Rxe4 28. Bxf8 Kxf8 29. Nxd6 Qe7 30. Nd2 Re5 31. Nxb1 Rxd5 32. Nc3 Rxd6 33. Re3 Re6 34. Qxb5 Qc7+ 35. Kg1 Rxe3 36. fxe3 Kg8 37. Nd5 Bxd5 38. Qxd5 c3 39. bxc3 Qxc3 40. Kf2 Qc2+ 41. Kf3 Qc1 42. Qd8+ Kg7 43. Qd4+ Kg8 44. Kg3 Qe1+ 45. Kh2 Kh7 46. h4 Kg8 47. Qd8+ Kg7 48. Qe7 Qa5 49. Qe4 Qc7+ 50. Kh3 Qa5 51. Qd4+ Kg8 52. Kg4 Qe1 53. Qf4 1/2-1/2

[Event "WC-2017-P-00006"]
[Site "LSS email"]
[Date "2017.01.23"]
[Round "?"]
[White "Smaga, Aleksandr"]
[Black "Skiba, Krzysztof"]
[Result "1/2-1/2"]
[WhiteElo "2018"]
[BlackElo "2173"]
[PlyCount "40"]
[EventDate "2017.02.01"]
[EventType "tourn (corr)"]
[EventRounds "12"]
[EventCountry "GER"]
[SourceTitle "Corr 2022"]
[Source "ChessBase"]
[SourceDate "2021.10.24"]
[SourceVersion "1"]
[SourceVersionDate "2021.10.24"]
[SourceQuality "1"]

1. e4 e5 2. Nf3 Nc6 3. Bb5 a6 4. Ba4 Nf6 5. 0-0 Be7 6. Re1 b5 7. Bb3 0-0 8. c3 d6 9. h3 Nb8 10. d4 Nbd7 11. Nbd2 Bb7 12. Bc2 Re8 13. Nf1 Bf8 14. Ng3 g6 15. Bg5 Be7 16. a4 c5 17. Qd2 Rc8 18. Bh6 b4 19. Rad1 a5 20. Nf5 b3 1/2-1/2

[Event "RA-2017-0-00497"]
[Site "LSS email"]
[Date "2017.01.17"]
[Round "?"]
[White "Rheinstaedtler, Klaus"]
[Black "Skiba, Krzysztof"]
[Result "1/2-1/2"]
[WhiteElo "2177"]
[BlackElo "2160"]
[PlyCount "44"]
[EventDate "2016.12.25"]
[EventType "tourn (corr)"]
[EventRounds "6"]
[EventCountry "GER"]
[SourceTitle "Corr 2022"]
[Source "ChessBase"]
[SourceDate "2021.10.24"]
[SourceVersion "1"]
[SourceVersionDate "2021.10.24"]
[SourceQuality "1"]

1. d4 Nf6 2. c4 g6 3. g3 Bg7 4. Bg2 0-0 5. Nf3 d6 6. Nc3 Nc6 7. 0-0 a6 8. b3 Rb8 9. Nd5 Nh5 10. Bb2 e6 11. Nc3 b5 12. cxb5 axb5 13. Rc1 Bd7 14. Qd2 Nf6 15. Ne1 b4 16. Nd1 d5 17. f3 Ra8 18. Ba1 Qb8 19. Nd3 Qa7 20. Nc5 Be8 21. Rc2 Nd7 22. Nf2 Nxc5 1/2-1/2

[Event "RA-2017-0-00497"]
[Site "LSS email"]
[Date "2017.01.15"]
[Round "?"]
[White "Cvak, Rudolf"]
[Black "Skiba, Krzysztof"]
[Result "1/2-1/2"]
[WhiteElo "2259"]
[BlackElo "2160"]
[PlyCount "33"]
[EventDate "2016.12.25"]
[EventType "tourn (corr)"]
[EventRounds "6"]
[EventCountry "GER"]
[SourceTitle "Corr 2022"]
[Source "ChessBase"]
[SourceDate "2021.10.24"]
[SourceVersion "1"]
[SourceVersionDate "2021.10.24"]
[SourceQuality "1"]

1. e4 e5 2. Nf3 Nc6 3. d4 exd4 4. Nxd4 Nf6 5. Nxc6 bxc6 6. e5 Qe7 7. Qe2 Nd5 8. c4 Ba6 9. b3 g6 10. f4 d6 11. Qf2 Nf6 12. Ba3 Qe6 13. Be2 dxe5 14. Bxf8 Kxf8 15. 0-0 exf4 16. Qxf4 Kg7 17. Nc3 1/2-1/2

[Event "RA-2017-0-00495"]
[Site "LSS email"]
[Date "2017.01.09"]
[Round "?"]
[White "Skiba, Krzysztof"]
[Black "Mroczek, Jacek"]
[Result "1/2-1/2"]
[WhiteElo "2160"]
[BlackElo "2279"]
[PlyCount "60"]
[EventDate "2016.12.22"]
[EventType "tourn (corr)"]
[EventRounds "6"]
[EventCountry "GER"]
[SourceTitle "Corr 2022"]
[Source "ChessBase"]
[SourceDate "2021.10.24"]
[SourceVersion "1"]
[SourceVersionDate "2021.10.24"]
[SourceQuality "1"]

1. e4 e6 2. d4 d5 3. Nc3 Bb4 4. e5 c5 5. a3 Bxc3+ 6. bxc3 Qa5 7. Bd2 Qa4 8. h4 Nc6 9. h5 h6 10. Nf3 c4 11. Nh4 Bd7 12. Rh3 0-0-0 13. Rf3 Be8 14. Rg3 Rh7 15. Be2 Nge7 16. Qc1 Bd7 17. Rb1 Kb8 18. Kf1 Rg8 19. Kg1 Rgh8 20. Bg4 g5 21. hxg6 fxg6 22. Nf3 Nd8 23. Nh2 Nf7 24. Rh3 h5 25. Be2 g5 26. g4 hxg4 27. Rxh7 Rxh7 28. Nxg4 Rh8 29. Kg2 Bc6 30. Qb2 Qa5 1/2-1/2

[Event "CP-2016-P-00049"]
[Site "LSS email"]
[Date "2016.09.27"]
[Round "?"]
[White "Pascual Perez, Norge"]
[Black "Skiba, Krzysztof"]
[Result "1/2-1/2"]
[WhiteElo "2446"]
[BlackElo "2079"]
[PlyCount "46"]
[EventDate "2016.10.01"]
[EventType "tourn (corr)"]
[EventRounds "6"]
[EventCountry "GER"]
[SourceTitle "Corr 2022"]
[Source "ChessBase"]
[SourceDate "2021.10.24"]
[SourceVersion "1"]
[SourceVersionDate "2021.10.24"]
[SourceQuality "1"]

1. e4 e5 2. Nf3 Nc6 3. d4 exd4 4. Nxd4 Nf6 5. Nxc6 bxc6 6. e5 Qe7 7. Qe2 Nd5 8. c4 Ba6 9. b3 g6 10. f4 d6 11. Qd2 Nb6 12. Ba3 c5 13. Nc3 dxe5 14. 0-0-0 Bb7 15. Nd5 Nxd5 16. cxd5 0-0-0 17. Bc4 exf4 18. Bb2 Bh6 19. Bxh8 Rxh8 20. a3 Qf6 21. Rhf1 g5 22. Kb1 Bg7 23. Ka2 Re8 1/2-1/2

[Event "Polanica Zdroj op-C 52nd"]
[Site "Polanica Zdroj"]
[Date "2016.08.28"]
[Round "7"]
[White "Kaczmarska, Joanna"]
[Black "Skiba, Krzysztof"]
[Result "1-0"]
[WhiteElo "1909"]
[BlackElo "1679"]
[PlyCount "91"]
[EventDate "2016.08.20"]
[EventType "swiss"]
[EventRounds "9"]
[EventCountry "POL"]
[SourceTitle "CBM 174 Extra"]
[Source "ChessBase"]
[SourceDate "2016.10.10"]
[SourceVersion "1"]
[SourceVersionDate "2016.10.10"]
[SourceQuality "1"]

1. d4 d5 2. c4 e6 3. Nc3 f5 4. cxd5 exd5 5. Nh3 Nf6 6. Bg5 c6 7. g3 Be7 8. Bg2 0-0 9. 0-0 Ne4 10. Be3 Bf6 11. Qb3 Re8 12. Nf4 Kh8 13. Rfd1 Na6 14. Rac1 Nc7 15. Qc2 Qe7 16. Na4 g5 17. Nh5 Ne6 18. Bxe4 fxe4 19. Nc5 Qf7 20. Nxf6 Qxf6 21. Qd2 Rg8 22. Rf1 g4 23. Nxe6 Qxe6 24. Bf4 h5 25. f3 Kh7 26. fxe4 dxe4 27. Be5 Qe7 28. Rf6 Rg6 29. Rcf1 Be6 30. Rxg6 Kxg6 31. Rf6+ Qxf6 32. Bxf6 Kxf6 33. Qf4+ Ke7 34. Qg5+ Kd7 35. Qxh5 Re8 36. Qh7+ Re7 37. Qxe4 Bxa2 38. Qxg4+ Be6 39. Qh5 Bc4 40. e3 Rxe3 41. Qg4+ Re6 42. h4 Kd6 43. Qf5 Re1+ 44. Kg2 Re2+ 45. Kf3 Rxb2 46. Qc5+ 1-0

[Event "ZI-2016-0-02188"]
[Site "LSS email"]
[Date "2016.06.30"]
[Round "?"]
[White "Habes, Jiri"]
[Black "Skiba, Krzysztof"]
[Result "0-1"]
[WhiteElo "1812"]
[BlackElo "2035"]
[PlyCount "108"]
[EventDate "2016.06.30"]
[EventType "match (corr)"]
[EventRounds "2"]
[EventCountry "GER"]
[SourceTitle "Corr 2022"]
[Source "ChessBase"]
[SourceDate "2021.10.24"]
[SourceVersion "1"]
[SourceVersionDate "2021.10.24"]
[SourceQuality "1"]

1. d4 Nf6 2. c4 g6 3. Nc3 Bg7 4. Nf3 0-0 5. e4 d6 6. Be2 e5 7. dxe5 dxe5 8. Qxd8 Rxd8 9. Bg5 Re8 10. Nd5 Nxd5 11. cxd5 c6 12. d6 f6 13. Be3 Bf8 14. 0-0-0 Be6 15. Rd2 Bxa2 16. b3 Bxb3 17. Rb2 Be6 18. Rxb7 Bxd6 19. Rd1 Bf8 20. Nd2 Re7 21. Rb1 Rc7 22. Nb3 Nd7 23. Na5 f5 24. exf5 Bxf5 25. Rb3 Be4 26. g3 Bd5 27. Rb1 Nc5 28. Nc4 Re8 29. Kd2 e4 30. Bd4 a5 31. Kc2 a4 32. h4 Nd3 33. Kc3 a3 34. Bxd3 exd3 35. Rxd3 a2 36. Ra1 Rb7 37. Re3 Rd8 38. Bf6 Ra8 39. Re2 Kf7 40. Be5 Rb1 41. Raxa2 Bb4+ 42. Kd4 Rxa2 43. Rxa2 Rd1+ 44. Ke3 Bxc4 45. Ra4 c5 46. Ra1 Rxa1 47. Bxa1 Bb5 48. g4 c4 49. Kd4 Be1 50. h5 Bxf2+ 51. Ke4 gxh5 52. gxh5 Ke6 53. Bb2 Bc6+ 54. Kf4 Kd5 0-1

[Event "ZI-2016-0-02186"]
[Site "LSS email"]
[Date "2016.06.30"]
[Round "?"]
[White "Reede, Arvo"]
[Black "Skiba, Krzysztof"]
[Result "1/2-1/2"]
[WhiteElo "1820"]
[BlackElo "2035"]
[PlyCount "77"]
[EventDate "2016.06.30"]
[EventType "match (corr)"]
[EventRounds "2"]
[EventCountry "GER"]
[SourceTitle "Corr 2022"]
[Source "ChessBase"]
[SourceDate "2021.10.24"]
[SourceVersion "1"]
[SourceVersionDate "2021.10.24"]
[SourceQuality "1"]

1. d4 Nf6 2. c4 g6 3. Nc3 Bg7 4. e4 d6 5. Nf3 0-0 6. Be2 e5 7. dxe5 dxe5 8. Bg5 Nbd7 9. 0-0 c6 10. Qd6 Re8 11. Rad1 Bf8 12. Qd2 Qc7 13. Ne1 a6 14. a3 b5 15. Qe3 Rb8 16. cxb5 cxb5 17. Nd3 Bb7 18. Nb4 Bc5 19. Qf3 Qb6 20. Ncd5 Nxd5 21. Nxd5 Bxd5 22. Rxd5 Nf8 23. Be3 Bxe3 24. fxe3 Qe6 25. Bd1 Nd7 26. Bb3 Nc5 27. Ba2 Na4 28. Ra1 Qe7 29. Rd2 Nb6 30. Rad1 Rf8 31. Rd6 Nc4 32. Rd7 Qe6 33. Bxc4 Qxc4 34. h4 h5 35. R1d6 b4 36. Kh2 bxa3 37. bxa3 a5 38. Re7 Rbe8 39. Ra7 1/2-1/2

[Event "ZI-2016-0-02188"]
[Site "LSS email"]
[Date "2016.06.30"]
[Round "?"]
[White "Skiba, Krzysztof"]
[Black "Habes, Jiri"]
[Result "1-0"]
[WhiteElo "2035"]
[BlackElo "1812"]
[PlyCount "101"]
[EventDate "2016.06.30"]
[EventType "match (corr)"]
[EventRounds "2"]
[EventCountry "GER"]
[SourceTitle "Corr 2022"]
[Source "ChessBase"]
[SourceDate "2021.10.24"]
[SourceVersion "1"]
[SourceVersionDate "2021.10.24"]
[SourceQuality "1"]

1. e4 e6 2. d4 d5 3. Nc3 dxe4 4. Nxe4 Nf6 5. Nxf6+ Qxf6 6. Nf3 Nc6 7. Bg5 Qf5 8. Bd3 Qa5+ 9. Bd2 Qb6 10. c3 Qxb2 11. a4 Bd6 12. a5 Ne7 13. 0-0 Rb8 14. Qe2 Nd5 15. Rfb1 Nxc3 16. Rxb2 Nxe2+ 17. Bxe2 f6 18. Bb4 Bxb4 19. Rxb4 b6 20. Rc1 Kd8 21. Nd2 Bb7 22. Rb2 Re8 23. Bb5 Re7 24. Ba4 Rc8 25. Nc4 Bd5 26. Ne3 c5 27. Nxd5 exd5 28. axb6 axb6 29. Rxb6 Ra7 30. Bb5 cxd4 31. Rd1 Rc5 32. Bd3 Kc7 33. Re6 Rca5 34. Bxh7 Ra1 35. Rf1 R1a6 36. Rc1+ Kd7 37. Ree1 Kd6 38. Bf5 Re7 39. Rxe7 Kxe7 40. Re1+ Kf7 41. Kf1 g6 42. Bg4 d3 43. Bf3 Ra5 44. Rd1 d2 45. Rxd2 Ke6 46. h4 Ra1+ 47. Ke2 Ra5 48. Bxd5+ Rxd5 49. Rxd5 Kxd5 50. g4 Ke5 51. h5 1-0

[Event "ZI-2016-0-02187"]
[Site "LSS email"]
[Date "2016.06.30"]
[Round "?"]
[White "Skiba, Krzysztof"]
[Black "Richter, Klaus"]
[Result "1-0"]
[WhiteElo "2035"]
[BlackElo "1737"]
[PlyCount "75"]
[EventDate "2016.06.30"]
[EventType "match (corr)"]
[EventRounds "2"]
[EventCountry "GER"]
[SourceTitle "Corr 2022"]
[Source "ChessBase"]
[SourceDate "2021.10.24"]
[SourceVersion "1"]
[SourceVersionDate "2021.10.24"]
[SourceQuality "1"]

1. e4 e5 2. Nf3 Nc6 3. Bb5 Nf6 4. d3 Bc5 5. c3 0-0 6. 0-0 d6 7. Nbd2 h6 8. h3 a5 9. Re1 Be6 10. Nf1 Ne7 11. d4 exd4 12. cxd4 Ba7 13. Ng3 c6 14. Bd3 Bb6 15. b3 Ng6 16. Be3 Re8 17. Rc1 Qc7 18. Qc2 Rad8 19. Nd2 Ba7 20. f4 Bd7 21. Nf3 Ne7 22. f5 Bc8 23. Kh1 Bb6 24. Qd2 Kh7 25. Bf4 Qd7 26. Ne2 Bc7 27. g4 b5 28. g5 hxg5 29. Bxg5 Nh5 30. Nf4 Nxf4 31. Qxf4 Kg8 32. Rg1 Ng6 33. Qg4 Rf8 34. Qh5 f6 35. Bh6 Nf4 36. Bxf4 Qf7 37. Rg6 Rd7 38. Bh6 1-0

[Event "ZI-2016-0-02185"]
[Site "LSS email"]
[Date "2016.06.29"]
[Round "?"]
[White "Correa de Almeida, Claudio"]
[Black "Skiba, Krzysztof"]
[Result "0-1"]
[WhiteElo "1562"]
[BlackElo "2035"]
[PlyCount "84"]
[EventDate "2016.06.30"]
[EventType "match (corr)"]
[EventRounds "2"]
[EventCountry "GER"]
[SourceTitle "Corr 2022"]
[Source "ChessBase"]
[SourceDate "2021.10.24"]
[SourceVersion "1"]
[SourceVersionDate "2021.10.24"]
[SourceQuality "1"]

1. d4 g6 2. e4 Bg7 3. Nc3 d6 4. f4 Nf6 5. Nf3 0-0 6. Bd3 Nc6 7. e5 dxe5 8. fxe5 Nh5 9. Be3 Bg4 10. Bc4 Na5 11. Be2 c5 12. Qd3 cxd4 13. Nxd4 Bxe2 14. Qxe2 Nf4 15. Qf3 Nc4 16. 0-0-0 Nxe3 17. Qxe3 Nd5 18. Nxd5 Qxd5 19. Nb3 Qxg2 20. h4 Rad8 21. a3 Rxd1+ 22. Rxd1 Qh2 23. e6 f5 24. Kb1 f4 25. Qf3 Qxh4 26. Rd7 Qe1+ 27. Ka2 Qxe6 28. Qxb7 Bf6 29. Rd2 g5 30. Qf3 Qf5 31. Rg2 Rb8 32. c4 a5 33. Nc1 Rc8 34. Rd2 Rxc4 35. Ne2 Qe6 36. Kb1 g4 37. Qa8+ Kg7 38. Qh1 h5 39. Ka1 h4 40. Nc1 Qe3 41. Qd1 f3 42. Nd3 g3 0-1

[Event "ZI-2016-0-02181"]
[Site "LSS email"]
[Date "2016.06.29"]
[Round "?"]
[White "Skiba, Krzysztof"]
[Black "Sandocal, Uzmir"]
[Result "1-0"]
[WhiteElo "2033"]
[BlackElo "1725"]
[PlyCount "95"]
[EventDate "2016.06.15"]
[EventType "match (corr)"]
[EventRounds "2"]
[EventCountry "GER"]
[SourceTitle "Corr 2022"]
[Source "ChessBase"]
[SourceDate "2021.10.24"]
[SourceVersion "1"]
[SourceVersionDate "2021.10.24"]
[SourceQuality "1"]

1. e4 d5 2. exd5 Qxd5 3. d4 e5 4. Nf3 Nc6 5. Nc3 Bb4 6. Bd2 Bxc3 7. Bxc3 e4 8. Ne5 Nxe5 9. dxe5 Ne7 10. Qe2 a6 11. Rd1 Qc6 12. Qc4 Be6 13. Qxc6+ Nxc6 14. Be2 0-0 15. f4 Rfd8 16. Kf2 Ne7 17. g4 Bd5 18. Rhe1 Bc6 19. Rxd8+ Rxd8 20. Rd1 e3+ 21. Kg3 Rxd1 22. Bxd1 Bb5 23. Bf3 c6 24. Bd4 Nd5 25. f5 Kf8 26. f6 gxf6 27. exf6 h6 28. b3 Bf1 29. h4 Kg8 30. a3 Kf8 31. g5 hxg5 32. hxg5 Kg8 33. Bg4 e2 34. Kf2 Nf4 35. Be3 Ng6 36. Bc8 Ne5 37. Bd2 b6 38. Bc3 Ng6 39. b4 Kf8 40. Bb7 c5 41. bxc5 bxc5 42. Bd2 Kg8 43. Be3 Nh4 44. Bxc5 Ng6 45. Bb4 Nf4 46. Bd2 Ne6 47. Be3 a5 48. Ke1 1-0

[Event "POL-chT3 Podkarpackie"]
[Site "Czudec"]
[Date "2016.05.29"]
[Round "5.11"]
[White "Skiba, Krzysztof"]
[Black "Kucharski, Bartlomiej"]
[Result "0-1"]
[WhiteElo "1690"]
[BlackElo "1667"]
[PlyCount "58"]
[EventDate "2016.05.27"]
[EventType "team-tourn"]
[EventRounds "9"]
[EventCountry "POL"]
[SourceTitle "EXT 2018"]
[Source "ChessBase"]
[SourceDate "2017.10.13"]
[SourceVersion "1"]
[SourceVersionDate "2017.10.13"]
[SourceQuality "1"]
[WhiteTeam "Sedziszow Malopolski"]
[BlackTeam "Czarna LKSz GCKiP II"]
[WhiteTeamCountry "POL"]
[BlackTeamCountry "POL"]

1. e4 d5 2. exd5 Qxd5 3. d4 c6 4. Nf3 Bf5 5. c4 Qa5+ 6. Nc3 Nf6 7. Bd2 Nbd7 8. Qe2 e6 9. c5 Be7 10. Nh4 Bg4 11. f3 Bh5 12. a3 Qc7 13. g3 b6 14. b4 a5 15. Rc1 0-0 16. Bf4 Qb7 17. Bh3 axb4 18. axb4 bxc5 19. bxc5 Qb4 20. Qd2 Ra3 21. 0-0 Rd8 22. Ne4 Qxd2 23. Nxd2 Nd5 24. Ng2 g5 25. Bd6 Rd3 26. Bxe7 Nxe7 27. Ne4 h6 28. g4 Bg6 29. Rcd1 Bxe4 0-1

[Event "ZI-2016-0-02163"]
[Site "LSS email"]
[Date "2016.05.16"]
[Round "?"]
[White "Krol, Wladyslaw"]
[Black "Skiba, Krzysztof"]
[Result "0-1"]
[WhiteElo "1897"]
[BlackElo "2003"]
[PlyCount "76"]
[EventDate "2016.05.09"]
[EventType "match (corr)"]
[EventRounds "2"]
[EventCountry "GER"]
[SourceTitle "Corr 2022"]
[Source "ChessBase"]
[SourceDate "2021.10.24"]
[SourceVersion "1"]
[SourceVersionDate "2021.10.24"]
[SourceQuality "1"]

1. e4 e6 2. f4 d5 3. Nf3 dxe4 4. Ng5 f5 5. Bc4 Qf6 6. d3 h6 7. Nh3 exd3 8. Qxd3 Nc6 9. Nc3 Bc5 10. Qg3 Nge7 11. Be3 Bb4 12. Bd2 a6 13. a3 Bd6 14. 0-0-0 b5 15. Ba2 0-0 16. Rhe1 Rb8 17. Ne2 b4 18. axb4 Nd5 19. Bb3 Bxb4 20. Bxb4 Ndxb4 21. Nf2 Na5 22. Nd4 c5 23. Re5 Nd5 24. Nxf5 Nxb3+ 25. cxb3 Nxf4 26. Qxf4 exf5 27. Nd3 Be6 28. Nxc5 Bxb3 29. Nxb3 Rxb3 30. Rd2 Rb4 31. Qxb4 Qxe5 32. Qc4+ Kh7 33. g3 Qe3 34. Kc2 Rb8 35. Qe2 Rc8+ 36. Kb1 Qxe2 37. Rxe2 Rc6 38. Rf2 Kg6 0-1

[Event "ZI-2016-0-02163"]
[Site "LSS email"]
[Date "2016.05.16"]
[Round "?"]
[White "Skiba, Krzysztof"]
[Black "Krol, Wladyslaw"]
[Result "1-0"]
[WhiteElo "2003"]
[BlackElo "1897"]
[PlyCount "91"]
[EventDate "2016.05.09"]
[EventType "match (corr)"]
[EventRounds "2"]
[EventCountry "GER"]
[SourceTitle "Corr 2022"]
[Source "ChessBase"]
[SourceDate "2021.10.24"]
[SourceVersion "1"]
[SourceVersionDate "2021.10.24"]
[SourceQuality "1"]

1. e4 e5 2. Nf3 Nc6 3. Bb5 a6 4. Ba4 Nf6 5. 0-0 h5 6. Bxc6 dxc6 7. Nxe5 Bc5 8. d3 Bg4 9. Qd2 Bd4 10. Qg5 Qe7 11. Nc4 Be6 12. Be3 Bxe3 13. Nxe3 h4 14. Qe5 0-0-0 15. Nd2 g6 16. f4 h3 17. g3 Kb8 18. Nf3 Rh5 19. Ng5 Nd7 20. Qc3 f6 21. Nxe6 Qxe6 22. f5 gxf5 23. Nxf5 Rg5 24. a4 Ne5 25. b4 Ng4 26. Rf4 Rf8 27. Re1 Re8 28. d4 Qd7 29. a5 Ka8 30. Qa1 Rg6 31. Qd1 Nh6 32. Nh4 Rg5 33. Rxf6 Qg7 34. e5 Ng8 35. Rf3 Ne7 36. Qd3 Qh6 37. Kh1 Rg4 38. c3 Ka7 39. Ref1 Reg8 40. Nf5 Nxf5 41. Rxf5 Qe6 42. Kg1 Qa2 43. R5f2 Qb3 44. Qc2 Qc4 45. Re1 Re8 46. Re3 1-0